| 000 | 00435cam a2200181ua 4500 | ||
|---|---|---|---|
| 020 | _c12.00 | ||
| 041 |
_ahin _h |
||
| 082 |
_a891.54 _bDAS/HI |
||
| 100 | _aDahsarad, Aucha . | ||
| 245 |
_aHindi natak: Uddav aur vikas / _cDasharad aucha. _hTextual Documents |
||
| 250 |
_a3 / _b. |
||
| 260 |
_a : _bRajpal and Sanch , _c1961. |
||
| 300 | _a474 ; . | ||
| 365 | _a12.00 | ||
| 504 | _a | ||
| 942 | _cBK | ||
| 999 |
_c8380 _d8380 |
||